[Event "Pohár města Říčany 2018"]
[Site "Městské kulturní středisko U labutě"]
[Date "2018.08.27"]
[Round "4.4"]
[White "Svatos, Jan"]
[Black "Petr, Jakub"]
[Result "1/2-1/2"]
[WhiteElo "2264"]
[BlackElo "2145"]
[PlyCount "0"]
[EventDate "2018.08.25"]

1. e4 {[%clk 01:30:58]} {[%emt 00:00:02]} c5 {[%clk 01:30:45]} {[%emt
00:00:14]} 2. Nf3 {[%clk 01:31:22]} {[%emt 00:00:06]} d6 {[%clk 01:31:06]}
{[%emt 00:00:10]} 3. d4 {[%clk 01:31:47]} {[%emt 00:00:05]} cxd4 {[%clk
01:31:30]} {[%emt 00:00:06]} 4. Nxd4 {[%clk 01:32:11]} {[%emt 00:00:06]} Nf6
{[%clk 01:31:53]} {[%emt 00:00:07]} 5. Nc3 {[%clk 01:32:37]} {[%emt 00:00:04]}
Nc6 {[%clk 01:32:00]} {[%emt 00:00:22]} 6. Be3 {[%clk 01:32:54]} {[%emt
00:00:14]} e5 {[%clk 01:32:04]} {[%emt 00:00:25]} 7. Nb3 {[%clk 01:32:58]}
{[%emt 00:00:26]} Be6 {[%clk 01:31:59]} {[%emt 00:00:35]} 8. Be2 {[%clk
01:32:12]} {[%emt 00:01:16]} Be7 {[%clk 01:31:58]} {[%emt 00:00:31]} 9. Bf3
{[%clk 01:30:40]} {[%emt 00:02:02]} a5 {[%clk 01:25:25]} {[%emt 00:07:03]} 10.
a4 {[%clk 01:30:20]} {[%emt 00:00:51]} Nb4 {[%clk 01:24:48]} {[%emt 00:01:06]}
11. O-O {[%clk 01:25:08]} {[%emt 00:05:42]} O-O {[%clk 01:23:37]} {[%emt
00:01:40]} 12. Re1 {[%clk 01:20:14]} {[%emt 00:05:25]} Rc8 {[%clk 01:19:37]}
{[%emt 00:04:30]} 13. Re2 {[%clk 01:19:48]} {[%emt 00:00:57]} d5 {[%clk
00:26:40]} {[%emt 00:53:26]} 14. exd5 {[%clk 01:19:55]} {[%emt 00:00:23]} Nfxd5
{[%clk 00:27:01]} {[%emt 00:00:09]} 15. Nxd5 {[%clk 01:19:13]} {[%emt
00:01:12]} Nxd5 {[%clk 00:23:46]} {[%emt 00:03:44]} 16. Bxd5 {[%clk 01:18:13]}
{[%emt 00:01:29]} Qxd5 {[%clk 00:22:41]} {[%emt 00:01:35]} 17. Qxd5 {[%clk
01:18:12]} {[%emt 00:00:32]} Bxd5 {[%clk 00:23:07]} {[%emt 00:00:04]} 18. Bb6
{[%clk 01:06:01]} {[%emt 00:12:41]} Bd8 {[%clk 00:13:03]} {[%emt 00:10:33]} 19.
Bxd8 {[%clk 01:02:18]} {[%emt 00:04:13]} Rfxd8 {[%clk 00:13:17]} {[%emt
00:00:16]} 20. Nxa5 {[%clk 00:58:54]} {[%emt 00:03:55]} b6 {[%clk 00:12:39]}
{[%emt 00:01:09]} 21. Nb3 {[%clk 00:59:05]} {[%emt 00:00:20]} f6 {[%clk
00:12:31]} {[%emt 00:00:37]} 22. h3 {[%clk 00:58:23]} {[%emt 00:01:13]} Bc4
{[%clk 00:05:16]} {[%emt 00:07:45]} 23. Rd2 {[%clk 00:48:40]} {[%emt 00:10:08]}
Bxb3 {[%clk 00:05:19]} {[%emt 00:00:31]} 24. Rxd8+ {[%clk 00:49:05]} {[%emt
00:00:06]} Rxd8 {[%clk 00:05:45]} {[%emt 00:00:04]} 25. cxb3 {[%clk 00:49:31]}
{[%emt 00:00:04]} Rd2 {[%clk 00:05:48]} {[%emt 00:00:27]} 26. b4 {[%clk
00:24:36]} {[%emt 00:25:25]} Rxb2 {[%clk 00:06:02]} {[%emt 00:00:16]} 27. a5
{[%clk 00:25:02]} {[%emt 00:00:04]} bxa5 {[%clk 00:06:20]} {[%emt 00:00:12]} 28.
bxa5 {[%clk 00:25:30]} {[%emt 00:00:01]} Rb7 {[%clk 00:06:35]} {[%emt
00:00:14]} 29. Kf1 {[%clk 00:25:46]} {[%emt 00:00:15]} Kf7 {[%clk 00:06:26]}
{[%emt 00:00:39]} 30. Ke2 {[%clk 00:24:24]} {[%emt 00:01:52]} Ke6 {[%clk
00:06:50]} {[%emt 00:00:06]} 31. a6 {[%clk 00:24:45]} {[%emt 00:00:09]} Ra7
{[%clk 00:07:11]} {[%emt 00:00:08]} 32. Kd3 {[%clk 00:24:58]} {[%emt 00:00:17]}
Kd5 {[%clk 00:07:28]} {[%emt 00:00:13]} 33. Ra5+ {[%clk 00:24:55]} {[%emt
00:00:33]} Kc6 {[%clk 00:07:18]} {[%emt 00:00:39]} 34. g4 {[%clk 00:19:00]}
{[%emt 00:06:27]} Kb6 {[%clk 00:06:18]} {[%emt 00:01:30]} 35. Ra2 {[%clk
00:14:07]} {[%emt 00:05:22]} Rxa6 {[%clk 00:02:11]} {[%emt 00:04:37]} 36. Rxa6+
{[%clk 00:09:09]} {[%emt 00:05:29]} Kxa6 {[%clk 00:02:38]} {[%emt 00:00:03]} 37.
Kc4 {[%clk 00:09:02]} {[%emt 00:00:38]} e4 {[%clk 00:03:03]} {[%emt 00:00:05]}
38. h4 {[%clk 00:04:01]} {[%emt 00:05:31]} Kb6 {[%clk 00:01:02]} {[%emt
00:02:31]} 39. Kd5 {[%clk 00:04:01]} {[%emt 00:00:29]} Kb5 {[%clk 00:01:17]}
{[%emt 00:00:16]} 40. h5 {[%clk 00:01:58]} {[%emt 00:02:34]} Kb4 {[%clk
00:00:59]} {[%emt 00:00:48]} 41. Kxe4 {[%clk 00:00:48]} {[%emt 00:01:40]} Kc4
{[%clk 00:00:49]} {[%emt 00:00:40]} 42. h6 {[%clk 00:00:40]} {[%emt 00:00:39]}
g6 {[%clk 00:00:56]} {[%emt 00:00:22]} 43. f4 {[%clk 00:00:44]} {[%emt
00:00:26]} Kc5 {[%clk 00:01:09]} {[%emt 00:00:17]} 44. g5 {[%clk 00:01:00]}
{[%emt 00:00:15]} fxg5 {[%clk 00:01:23]} {[%emt 00:00:16]} 45. fxg5 {[%clk
00:01:29]} Kd6 {[%clk 00:01:37]} {[%emt 00:00:17]} 46. Kd4 {[%clk 00:01:52]}
{[%emt 00:00:07]} 1/2-1/2

[Event "Pohár města Říčany 2018"]
[Site "Městské kulturní středisko U labutě"]
[Date "2018.08.27"]
[Round "4.5"]
[White "Vetrovsky, Michal"]
[Black "Gregor, Jiri"]
[Result "1/2-1/2"]
[WhiteElo "2078"]
[BlackElo "2262"]
[PlyCount "0"]
[EventDate "2018.08.25"]

1. d4 {[%clk 01:30:41]} {[%emt 00:00:18]} Nf6 {[%clk 01:30:37]} {[%emt
00:00:23]} 2. Bf4 {[%clk 01:30:57]} {[%emt 00:00:14]} d5 {[%clk 01:30:40]}
{[%emt 00:00:27]} 3. Nf3 {[%clk 01:31:03]} {[%emt 00:00:24]} c5 {[%clk
01:30:47]} {[%emt 00:00:23]} 4. e3 {[%clk 01:30:57]} {[%emt 00:00:36]} Nc6
{[%clk 01:30:58]} {[%emt 00:00:18]} 5. c3 {[%clk 01:30:54]} {[%emt 00:00:33]}
Qb6 {[%clk 01:31:03]} {[%emt 00:00:24]} 6. Qb3 {[%clk 01:25:43]} {[%emt
00:05:42]} c4 {[%clk 01:30:09]} {[%emt 00:01:25]} 7. Qc2 {[%clk 01:25:59]}
{[%emt 00:00:13]} Bf5 {[%clk 01:30:26]} {[%emt 00:00:12]} 8. Qc1 {[%clk
01:26:18]} {[%emt 00:00:11]} h6 {[%clk 01:30:43]} {[%emt 00:00:14]} 9. h3
{[%clk 01:26:31]} {[%emt 00:00:17]} e6 {[%clk 01:31:09]} {[%emt 00:00:05]} 10.
Nbd2 {[%clk 01:25:28]} {[%emt 00:01:32]} Be7 {[%clk 01:31:16]} {[%emt
00:00:23]} 11. Be2 {[%clk 01:17:17]} {[%emt 00:08:41]} O-O {[%clk 01:30:02]}
{[%emt 00:01:43]} 12. O-O {[%clk 01:17:33]} {[%emt 00:00:15]} Rfc8 {[%clk
01:30:28]} {[%emt 00:00:05]} 13. Ne5 {[%clk 01:17:09]} {[%emt 00:00:53]} a5
{[%clk 01:29:51]} {[%emt 00:01:08]} 14. a4 {[%clk 01:09:42]} {[%emt 00:07:57]}
Qd8 {[%clk 01:23:33]} {[%emt 00:06:47]} 15. Bg3 {[%clk 01:05:43]} {[%emt
00:04:28]} Nxe5 {[%clk 01:15:29]} {[%emt 00:08:35]} 16. Bxe5 {[%clk 01:04:44]}
{[%emt 00:01:29]} Ne8 {[%clk 01:06:52]} {[%emt 00:09:06]} 17. e4 {[%clk
01:01:38]} {[%emt 00:03:37]} Bg6 {[%clk 00:59:43]} {[%emt 00:07:39]} 18. exd5
{[%clk 00:56:54]} {[%emt 00:05:16]} exd5 {[%clk 00:59:18]} {[%emt 00:00:54]} 19.
Nf3 {[%clk 00:52:33]} {[%emt 00:04:51]} Nd6 {[%clk 00:55:07]} {[%emt 00:04:41]}
20. Bxd6 {[%clk 00:49:27]} {[%emt 00:03:36]} Bxd6 {[%clk 00:51:27]} {[%emt
00:04:10]} 21. Ne5 {[%clk 00:49:09]} {[%emt 00:00:48]} Be4 {[%clk 00:43:50]}
{[%emt 00:08:06]} 22. Bf3 {[%clk 00:42:51]} {[%emt 00:06:49]} Bxf3 {[%clk
00:31:21]} {[%emt 00:13:00]} 23. Nxf3 {[%clk 00:43:03]} {[%emt 00:00:17]} Qd7
{[%clk 00:26:07]} {[%emt 00:05:43]} 24. Qc2 {[%clk 00:42:16]} {[%emt 00:01:18]}
Re8 {[%clk 00:22:23]} {[%emt 00:04:13]} 25. Rfe1 {[%clk 00:42:04]} {[%emt
00:00:43]} g6 {[%emt 00:05:47]} 26. Qd1 {[%emt 00:00:36]} 1/2-1/2

[Event "Pohár města Říčany 2018"]
[Site "Městské kulturní středisko U labutě"]
[Date "2018.08.27"]
[Round "4.6"]
[White "Rodshtein, Tereza"]
[Black "Blumel, Otto"]
[Result "1-0"]
[WhiteElo "2256"]
[BlackElo "2019"]
[PlyCount "0"]
[EventDate "2018.08.25"]

1. e4 {[%clk 01:30:56]} {[%emt 00:00:03]} e5 {[%clk 01:29:15]} {[%emt
00:01:46]} 2. Nf3 {[%clk 01:31:18]} {[%emt 00:00:07]} Nc6 {[%clk 01:29:08]}
{[%emt 00:00:37]} 3. Bc4 {[%clk 01:31:26]} {[%emt 00:00:21]} Nd4 {[%clk
01:24:06]} {[%emt 00:05:33]} 4. Nxd4 {[%clk 01:16:46]} {[%emt 00:15:11]} exd4
{[%clk 01:24:19]} {[%emt 00:00:17]} 5. O-O {[%clk 01:17:00]} {[%emt 00:00:16]}
d6 {[%clk 01:22:32]} {[%emt 00:02:17]} 6. c3 {[%clk 01:12:15]} {[%emt
00:05:15]} dxc3 {[%clk 01:21:38]} {[%emt 00:01:24]} 7. Nxc3 {[%clk 01:12:35]}
{[%emt 00:00:10]} Be6 {[%clk 01:20:07]} {[%emt 00:02:01]} 8. Bxe6 {[%clk
01:10:48]} {[%emt 00:02:17]} fxe6 {[%clk 01:20:31]} {[%emt 00:00:06]} 9. Qh5+
{[%clk 01:11:12]} {[%emt 00:00:06]} Kd7 {[%clk 01:20:47]} {[%emt 00:00:14]} 10.
d4 {[%clk 01:10:20]} {[%emt 00:01:22]} Kc8 {[%clk 01:15:34]} {[%emt 00:05:43]}
11. Be3 {[%clk 01:08:27]} {[%emt 00:02:23]} Nf6 {[%clk 01:10:00]} {[%emt
00:06:04]} 12. Qh3 {[%clk 01:07:04]} {[%emt 00:01:52]} Qd7 {[%clk 01:09:46]}
{[%emt 00:00:45]} 13. e5 {[%clk 01:07:10]} {[%emt 00:00:24]} dxe5 {[%clk
01:09:42]} {[%emt 00:00:35]} 14. dxe5 {[%clk 01:07:27]} {[%emt 00:00:13]} Nd5
{[%clk 01:09:25]} {[%emt 00:00:47]} 15. Nxd5 {[%clk 01:07:04]} {[%emt
00:00:53]} Qxd5 {[%clk 01:09:37]} {[%emt 00:00:17]} 16. Rfd1 {[%clk 01:05:26]}
{[%emt 00:02:08]} Qxe5 {[%clk 01:09:29]} {[%emt 00:00:39]} 17. Bf4 {[%clk
01:05:05]} {[%emt 00:00:50]} Qf5 {[%clk 01:08:50]} {[%emt 00:01:09]} 18. Rac1
{[%emt 00:04:13]} 1-0

[Event "Pohár města Říčany 2018"]
[Site "Městské kulturní středisko U labutě"]
[Date "2018.08.27"]
[Round "4.7"]
[White "Skala, Jaromir"]
[Black "Hrdina, Robin"]
[Result "0-1"]
[WhiteElo "1920"]
[BlackElo "2219"]
[PlyCount "0"]
[EventDate "2018.08.25"]

1. d4 {[%clk 01:30:56]} {[%emt 00:00:02]} Nf6 {[%clk 01:30:56]} {[%emt
00:00:05]} 2. c4 {[%clk 01:31:12]} {[%emt 00:00:14]} e6 {[%clk 01:31:21]}
{[%emt 00:00:06]} 3. Nf3 {[%clk 01:31:10]} {[%emt 00:00:31]} Bb4+ {[%clk
01:31:31]} {[%emt 00:00:20]} 4. Bd2 {[%clk 01:31:22]} {[%emt 00:00:18]} Qe7
{[%clk 01:31:54]} {[%emt 00:00:07]} 5. e3 {[%clk 01:31:37]} {[%emt 00:00:15]}
O-O {[%clk 01:31:24]} {[%emt 00:01:00]} 6. Bxb4 {[%clk 01:30:11]} {[%emt
00:01:56]} Qxb4+ {[%clk 01:31:45]} {[%emt 00:00:08]} 7. Qd2 {[%clk 01:30:35]}
{[%emt 00:00:06]} Qe7 {[%clk 01:31:52]} {[%emt 00:00:23]} 8. Nc3 {[%clk
01:30:56]} {[%emt 00:00:09]} d5 {[%clk 01:28:43]} {[%emt 00:03:38]} 9. Ne5
{[%clk 01:25:05]} {[%emt 00:06:21]} Nbd7 {[%clk 01:24:42]} {[%emt 00:04:32]} 10.
f4 {[%clk 01:25:05]} {[%emt 00:00:30]} c6 {[%clk 01:21:23]} {[%emt 00:03:49]}
11. Bd3 {[%clk 01:21:22]} {[%emt 00:04:12]} c5 {[%clk 01:04:48]} {[%emt
00:17:06]} 12. O-O {[%clk 01:18:41]} {[%emt 00:03:11]} cxd4 {[%clk 00:57:17]}
{[%emt 00:08:02]} 13. exd4 {[%clk 01:18:49]} {[%emt 00:00:20]} dxc4 {[%clk
00:57:11]} {[%emt 00:00:38]} 14. Nxc4 {[%clk 01:13:37]} {[%emt 00:05:41]} Nb6
{[%clk 00:41:53]} {[%emt 00:15:49]} 15. Ne5 {[%clk 01:05:15]} {[%emt 00:08:52]}
Rd8 {[%clk 00:37:40]} {[%emt 00:04:43]} 16. Rad1 {[%clk 01:02:56]} {[%emt
00:02:49]} Qb4 {[%clk 00:33:47]} {[%emt 00:04:23]} 17. Kh1 {[%clk 01:00:46]}
{[%emt 00:02:40]} Nbd5 {[%clk 00:30:15]} {[%emt 00:04:02]} 18. a3 {[%clk
00:53:47]} {[%emt 00:07:29]} Qd6 {[%clk 00:27:04]} {[%emt 00:03:39]} 19. Ne2
{[%clk 00:50:09]} {[%emt 00:04:09]} Bd7 {[%clk 00:25:04]} {[%emt 00:02:30]} 20.
Rc1 {[%clk 00:45:53]} {[%emt 00:04:46]} Rac8 {[%clk 00:22:43]} {[%emt
00:02:50]} 21. Ng3 {[%clk 00:42:24]} {[%emt 00:04:00]} Ne7 {[%clk 00:20:35]}
{[%emt 00:02:37]} 22. Ne4 {[%clk 00:36:22]} {[%emt 00:06:33]} Nxe4 {[%clk
00:20:47]} {[%emt 00:00:18]} 23. Bxe4 {[%clk 00:36:49]} {[%emt 00:00:02]} Rxc1
{[%clk 00:16:37]} {[%emt 00:04:41]} 24. Rxc1 {[%clk 00:36:36]} {[%emt
00:00:43]} Bc6 {[%clk 00:16:44]} {[%emt 00:00:23]} 25. Nxc6 {[%clk 00:30:38]}
{[%emt 00:06:27]} Nxc6 {[%clk 00:16:36]} {[%emt 00:00:38]} 26. g3 {[%clk
00:26:38]} {[%emt 00:04:30]} Nxd4 {[%clk 00:12:48]} {[%emt 00:04:18]} 27. Bxb7
{[%clk 00:25:37]} {[%emt 00:01:32]} Qb6 {[%clk 00:11:27]} {[%emt 00:01:51]} 28.
Qg2 {[%clk 00:14:00]} {[%emt 00:12:06]} g6 {[%clk 00:10:12]} {[%emt 00:01:44]}
29. Rc8 {[%clk 00:10:04]} {[%emt 00:04:25]} Rxc8 {[%clk 00:08:50]} {[%emt
00:01:53]} 30. Bxc8 {[%clk 00:10:32]} {[%emt 00:00:02]} Qc7 {[%clk 00:07:58]}
{[%emt 00:01:21]} 31. Qb7 {[%clk 00:03:26]} {[%emt 00:07:36]} Qc1+ {[%clk
00:07:16]} {[%emt 00:01:11]} 32. Kg2 {[%clk 00:03:55]} {[%emt 00:00:02]} Qc2+
{[%clk 00:05:40]} {[%emt 00:02:06]} 33. Kh3 {[%clk 00:03:06]} {[%emt 00:01:19]}
Ne2 {[%clk 00:05:28]} {[%emt 00:00:42]} 34. Qg2 {[%clk 00:02:21]} {[%emt
00:01:15]} Qf5+ {[%clk 00:03:37]} {[%emt 00:02:21]} 35. g4 {[%clk 00:02:49]}
{[%emt 00:00:02]} Qd3+ {[%clk 00:03:10]} {[%emt 00:00:57]} 36. Kh4 {[%clk
00:03:03]} {[%emt 00:00:16]} Nxf4 {[%clk 00:02:23]} {[%emt 00:01:18]} 37. Qc6
{[%clk 00:00:45]} {[%emt 00:02:47]} h6 {[%clk 00:01:24]} {[%emt 00:01:29]} 0-1

[Event "Pohár města Říčany 2018"]
[Site "Městské kulturní středisko U labutě"]
[Date "2018.08.27"]
[Round "4.8"]
[White "Stanek, Ondrej"]
[Black "Skalicky, Tomas"]
[Result "0-1"]
[WhiteElo "1966"]
[BlackElo "2125"]
[PlyCount "0"]
[EventDate "2018.08.25"]

1. e4 {[%clk 01:30:50]} {[%emt 00:00:08]} c5 {[%clk 01:30:52]} {[%emt
00:00:09]} 2. Nf3 {[%clk 01:30:43]} {[%emt 00:00:37]} Nc6 {[%clk 01:31:13]}
{[%emt 00:00:08]} 3. Bb5 {[%clk 01:30:53]} {[%emt 00:00:21]} g6 {[%clk
01:31:18]} {[%emt 00:00:25]} 4. Bxc6 {[%clk 01:30:49]} {[%emt 00:00:34]} dxc6
{[%clk 01:31:18]} {[%emt 00:00:30]} 5. d3 {[%clk 01:30:44]} {[%emt 00:00:35]}
Bg7 {[%clk 01:31:09]} {[%emt 00:00:40]} 6. h3 {[%clk 01:30:30]} {[%emt
00:00:44]} e5 {[%clk 01:29:43]} {[%emt 00:01:55]} 7. Nc3 {[%clk 01:24:52]}
{[%emt 00:06:08]} Ne7 {[%clk 01:28:41]} {[%emt 00:01:32]} 8. Be3 {[%clk
01:23:18]} {[%emt 00:02:04]} b6 {[%clk 01:28:49]} {[%emt 00:00:21]} 9. Qd2
{[%clk 01:22:28]} {[%emt 00:01:20]} h6 {[%clk 01:16:43]} {[%emt 00:12:36]} 10.
a3 {[%clk 01:06:35]} {[%emt 00:16:24]} Qd6 {[%clk 01:09:58]} {[%emt 00:07:14]}
11. Rb1 {[%clk 00:59:21]} {[%emt 00:07:44]} f5 {[%clk 01:05:41]} {[%emt
00:04:47]} 12. g3 {[%clk 00:41:21]} {[%emt 00:18:31]} g5 {[%clk 01:03:47]}
{[%emt 00:02:23]} 13. exf5 {[%clk 00:39:23]} {[%emt 00:02:28]} Nxf5 {[%clk
01:03:53]} {[%emt 00:00:24]} 14. Qe2 {[%clk 00:32:09]} {[%emt 00:07:44]} O-O
{[%clk 00:57:54]} {[%emt 00:06:29]} 15. Nd2 {[%clk 00:27:48]} {[%emt 00:04:51]}
Nd4 {[%clk 00:54:20]} {[%emt 00:04:04]} 16. Qd1 {[%clk 00:21:46]} {[%emt
00:06:31]} b5 {[%clk 00:35:59]} {[%emt 00:18:51]} 17. Nce4 {[%clk 00:19:53]}
{[%emt 00:02:24]} Qd5 {[%clk 00:35:45]} {[%emt 00:00:44]} 18. g4 {[%clk
00:06:53]} {[%emt 00:13:29]} c4 {[%clk 00:33:47]} {[%emt 00:02:27]} 19. dxc4
{[%clk 00:03:37]} {[%emt 00:03:47]} bxc4 {[%clk 00:33:47]} {[%emt 00:00:30]} 20.
O-O {[%clk 00:02:30]} {[%emt 00:01:37]} c5 {[%clk 00:32:57]} {[%emt 00:01:20]}
21. f3 {[%clk 00:02:16]} {[%emt 00:00:45]} Bb7 {[%clk 00:30:19]} {[%emt
00:03:07]} 22. Ng3 {[%clk 00:00:39]} {[%emt 00:02:08]} e4 {[%clk 00:19:22]}
{[%emt 00:11:27]} 23. Ngxe4 {[%clk 00:00:36]} {[%emt 00:00:32]} Be5 {[%clk
00:18:05]} {[%emt 00:01:47]} 24. Bxd4 {[%clk 00:00:36]} {[%emt 00:00:31]} cxd4
{[%clk 00:18:03]} {[%emt 00:00:32]} 25. Kg2 {[%clk 00:00:43]} {[%emt 00:00:23]}
Bc7 {[%clk 00:16:06]} {[%emt 00:02:27]} 26. b3 {[%clk 00:00:49]} {[%emt
00:00:25]} Qe5 {[%clk 00:13:50]} {[%emt 00:02:45]} 27. Rh1 {[%clk 00:01:14]}
{[%emt 00:00:04]} c3 {[%clk 00:14:09]} {[%emt 00:00:11]} 28. Nc4 {[%clk
00:01:30]} {[%emt 00:00:14]} Qf4 {[%clk 00:14:21]} {[%emt 00:00:18]} 29. Qxd4
{[%clk 00:00:57]} {[%emt 00:01:04]} Qxf3+ {[%clk 00:14:38]} {[%emt 00:00:13]}
30. Kg1 {[%clk 00:01:19]} {[%emt 00:00:08]} Bxe4 {[%clk 00:14:49]} {[%emt
00:00:19]} 0-1

[Event "Pohár města Říčany 2018"]
[Site "Městské kulturní středisko U labutě"]
[Date "2018.08.27"]
[Round "4.9"]
[White "Maly, Filip"]
[Black "Hosticka, Frantisek"]
[Result "0-1"]
[WhiteElo "1954"]
[BlackElo "2087"]
[PlyCount "0"]
[EventDate "2018.08.25"]

1. e4 Nf6 2. e5 Nd5 3. d4 d6 4. Nf3 Bg4 5. Be2 c6 6. h3 Bxf3 7. Bxf3 dxe5
8. dxe5 e6 9. O-O Nd7 10. Re1 Ne7 11. Nd2 Ng6 12. Nc4 Nb6 13. Qe2 Nxc4 14. Qxc4
Rc8 15. b3 Be7 16. Bb2 O-O 17. Be4 Qa5 18. a3 Rfd8 19. b4 Qb6 20. Rad1 Rxd1
21. Rxd1 Rd8 22. Rxd8+ Qxd8 23. g3 Qd1+ 24. Kg2 Qe1 25. h4 Qd1 26. Bf3 Qb1
27. Bd4 Bxh4 28. gxh4 Nxh4+ 29. Kg3 g5 30. Qe2 Nf5+ 31. Kg2 Nxd4 32. Qd2 Qg1+
33. Kh3 Qh2+ 0-1

[Event "Pohár města Říčany 2018"]
[Site "Městské kulturní středisko U labutě"]
[Date "2018.08.27"]
[Round "4.10"]
[White "Skacel, Jan"]
[Black "Simecek, Bohumil"]
[Result "0-1"]
[WhiteElo "1961"]
[BlackElo "2079"]
[PlyCount "0"]
[EventDate "2018.08.25"]

1. d4 Nf6 2. c4 g6 3. Nc3 Bg7 4. e4 d6 5. g3 O-O 6. Bg2 Nc6 7. d5 Na5 8. b3 c5
9. Bb2 a6 10. Qc2 Rb8 11. Nf3 b5 12. O-O bxc4 13. Nd2 cxb3 14. axb3 Nxb3
15. Nxb3 Qb6 16. Na5 Qxb2 17. Qd3 Ng4 18. Rab1 Qxc3 19. Qxc3 Bxc3 20. Rxb8 Bxa5
21. h3 Ne5 22. Rc1 Bb4 23. Bf1 a5 24. Ra8 Nf3+ 25. Kh1 Nd4 26. Ra7 Re8 27. f4 f6
28. Kg2 Kf7 29. Bc4 Rd8 30. e5 Bf5 31. Kf2 Bc2 32. g4 Bb3 33. e6+ Kf8 34. g5 f5
35. h4 Bd2 36. Rh1 Bxc4 37. h5 Bxd5 38. Rh4 Be1+ 0-1

[Event "Pohár města Říčany 2018"]
[Site "Městské kulturní středisko U labutě"]
[Date "2018.08.27"]
[Round "4.11"]
[White "Svetly, Jiri"]
[Black "Pacl, Vaclav"]
[Result "1-0"]
[WhiteElo "1943"]
[BlackElo "2033"]
[PlyCount "0"]
[EventDate "2018.08.25"]

1. d4 d5 2. c4 {[%xcpdma 1]} 2... e6 3. Nc3 c5 4. e3 Nf6 5. Nf3 a6 6. a3 dxc4
7. Bxc4 b5 8. Bd3 Bb7 9. O-O Nbd7 10. Re1 Be7 11. b3 O-O 12. Bb2 Qb6 13. a4 Bc6
14. Qc2 Bxf3 15. gxf3 cxd4 16. exd4 Rac8 17. axb5 axb5 18. Qe2 b4 19. Na4 Qd6
20. Bc4 Nd5 21. Bc1 Bf6 22. Be3 Nf4 23. Qd2 Ng6 24. Rad1 Rfd8 25. Bd3 Qd5
26. Qxb4 Qxf3 27. Be2 Qh3 28. Qb7 Rb8 29. Qf3 Qxf3 30. Bxf3 Rxb3 31. Nc5 Rbb8
32. Rb1 Rxb1 33. Rxb1 Rb8 34. Rc1 Ndf8 35. Kf1 Ne7 36. Ne4 Nd5 37. Nxf6+ Nxf6
38. Rc5 h6 39. Ke2 N8d7 40. Ra5 Rb2+ 41. Kd3 Nb6 42. Kc3 Rb1 43. Kc2 Rg1 44. Bf4
Nbd5 45. Bg3 1-0

[Event "Pohár města Říčany 2018"]
[Site "Městské kulturní středisko U labutě"]
[Date "2018.08.27"]
[Round "4.12"]
[White "Cermak, Jan"]
[Black "Polansky, Adam Lubos"]
[Result "1/2-1/2"]
[WhiteElo "1878"]
[BlackElo "1990"]
[PlyCount "0"]
[EventDate "2018.08.25"]

1. c4 e5 2. Nc3 Nc6 3. g3 Bc5 4. Bg2 d6 5. e3 a6 6. d3 h5 7. Nge2 h4 8. Bd2 Bd7
9. a3 Ba7 10. Qc2 Nh6 11. O-O-O Ng4 12. Rdf1 h3 13. Bf3 Rb8 14. Nd5 Ne7 15. Nxe7
Qxe7 16. d4 Qf6 17. Bxg4 Bxg4 18. dxe5 dxe5 19. f3 Bd7 20. Nc3 O-O 21. f4 b5
22. Nd5 Qd6 23. e4 Bd4 24. c5 Qxc5 25. Qxc5 Bxc5 26. fxe5 c6 27. Nb4 a5 28. Na6
Bb6 29. Nxb8 Rxb8 30. Rf3 Bg4 31. Rc3 c5 32. Re1 b4 33. axb4 axb4 34. Rc2 Be6
35. Be3 b3 36. Rc3 1/2-1/2

[Event "Pohár města Říčany 2018"]
[Site "Městské kulturní středisko U labutě"]
[Date "2018.08.27"]
[Round "4.13"]
[White "Vanka, Miloslav"]
[Black "Postupa, Pavel"]
[Result "1/2-1/2"]
[WhiteElo "2140"]
[BlackElo "1944"]
[PlyCount "0"]
[EventDate "2018.08.25"]

1. e4 e5 2. Bc4 Nc6 3. Nf3 Bc5 4. c3 Nf6 5. d3 a6 6. O-O Ba7 7. Bb3 O-O 8. Nbd2
b5 9. h3 d5 10. Kh2 h6 11. Qe2 d4 12. Rd1 Qd6 13. Nf1 Bd7 14. c4 Na5 15. Bc2 c5
16. Ng3 Qe7 17. b3 Nc6 18. Kg1 Nh7 19. Nf5 Qf6 20. g4 Ne7 21. Kh2 Ng6 22. Rg1
Bb8 23. Qf1 Ng5 24. Bd1 Nxf3+ 25. Bxf3 Ra7 26. Kh1 Nf4 27. Bxf4 exf4 28. Qg2 Be5
29. h4 Bxf5 30. g5 Qg6 31. exf5 Qxf5 32. gxh6 Qh7 33. hxg7 Qxh4+ 34. Qh2 Qxh2+
35. Kxh2 Rd8 36. Rg5 f6 1/2-1/2

[Event "Pohár města Říčany 2018"]
[Site "Městské kulturní středisko U labutě"]
[Date "2018.08.27"]
[Round "4.14"]
[White "Koubova, Anna Marie"]
[Black "Vlkova, Anezka"]
[Result "0-1"]
[WhiteElo "2086"]
[BlackElo "1901"]
[PlyCount "0"]
[EventDate "2018.08.25"]

1. d4 Nf6 2. c4 g6 3. g3 Bg7 4. Bg2 O-O 5. Nc3 d6 6. Nf3 Nc6 7. O-O a6 8. Re1
Bd7 9. e4 e5 10. dxe5 dxe5 11. h3 Qc8 12. Kh2 Re8 13. Be3 Na5 14. Nd2 b5
15. cxb5 axb5 16. b4 Nb7 17. Nb3 Bf8 18. a3 c5 19. bxc5 Nxc5 20. Bg5 Ra6 21. Rc1
Nxb3 22. Qxb3 Rxa3 23. Qb2 Qa6 24. Bxf6 Qxf6 25. Nd5 Qd6 26. Nc7 Rb8 27. Red1
Rd3 28. Rxd3 Qxd3 29. Qxe5 Bd6 30. Qb2 Ba3 31. Rc3 Bxb2 32. Rxd3 Be6 33. Nd5 Kg7
34. Bf1 b4 35. Rb3 Ba3 36. Ba6 Bd7 37. Bc4 Ba4 38. Rb1 Bc2 0-1

[Event "Pohár města Říčany 2018"]
[Site "Městské kulturní středisko U labutě"]
[Date "2018.08.27"]
[Round "4.15"]
[White "Jun, Rudolf"]
[Black "Vorisek, Jakub"]
[Result "0-1"]
[WhiteElo "1905"]
[BlackElo "2069"]
[PlyCount "0"]
[EventDate "2018.08.25"]

1. e4 e6 2. d4 d5 3. exd5 exd5 4. c4 Nf6 5. Nc3 Bb4 6. h3 O-O 7. Be2 Re8
8. cxd5 Nxd5 9. Bd2 Be6 10. Nf3 Nd7 11. O-O N7f6 12. Ne5 c6 13. Rc1 Qb6 14. Nf3
Rad8 15. Qc2 Bxc3 16. bxc3 Bxh3 17. Bd3 Bc8 18. Ne5 c5 19. Rb1 Qc7 20. Rfe1 cxd4
21. cxd4 Qxc2 22. Bxc2 Nb6 23. Nf3 Be6 24. Bb3 Bxb3 25. Rxe8+ Rxe8 26. Rxb3 h6
27. Ba5 Nc4 28. Bc7 b6 29. Rc3 b5 30. Be5 Nd5 31. Rc1 f6 32. Bg3 Kf7 33. Ne1 Re2
34. a4 a6 35. Nd3 Rd2 36. Nc5 Rxd4 37. f3 Nce3 38. axb5 axb5 39. Bf2 Rc4
40. Bxe3 Nxe3 41. Rxc4 Nxc4 42. Kf2 Ke7 43. Ke2 Kd6 44. Nb3 Kd5 45. Kd3 b4
46. Nc1 Ne5+ 47. Kc2 Kc4 48. Nb3 Nc6 49. Nd2+ Kd4 50. Ne4 Ke3 51. Kd1 b3 0-1